|
|
|
|
| LEADER |
00000nam a2200000 a 4500 |
| 001 |
vtls001372341 |
| 003 |
SK-MaSNL |
| 005 |
20260301201331.0 |
| 008 |
240318s1972 xx 0 und |
| 035 |
|
|
|a SNK000326191
|
| 040 |
|
|
|a SNK
|b slo
|c SNK
|e AACR2
|
| 100 |
1 |
|
|a Neman, Miroslav,
|d 1926-2005
|4 aut
|9 220038
|
| 245 |
1 |
0 |
|a Cestujeme do Rumunska
|
| 260 |
|
|
|a Bratislava
|b Šport
|c 1972
|
| 300 |
|
|
|a 65 s.
|
| 958 |
|
|
|a OND
|
| 999 |
|
|
|c 894331
|d 896261
|
| 952 |
|
|
|t P60, <04>, [BOOK], {604}
|a SNK
|b SNK
|y VYP
|7 0
|p 17A0210583
|o snkSC 28937 D1
|0 0
|1 0
|4 0
|d 1999-09-13
|l 0
|r 2005-01-02 00:00:00
|w 2026-02-24
|
| 952 |
|
|
|a SNK
|b SNK
|y PREZ
|7 0
|p 17A0939471
|o snkSC 28937
|0 0
|1 0
|4 0
|d 2012-09-24
|l 0
|r 2025-09-18 00:00:00
|w 2026-02-24
|